A practical guide to enzymology

Gespeichert in:
Bibliographische Detailangaben
1. Verfasser: Suelter, Clarence H (VerfasserIn)
Format: Buch
Sprache:Englisch
Veröffentlicht: Nueva York John Wiley 1985
Schriftenreihe:Biochemistry, 3
Schlagworte:
Tags: Tag hinzufügen
Keine Tags, Fügen Sie den ersten Tag hinzu!

MARC

LEADER 00000nam a2200000 a 4500
001 UCW2653
003 CL-VaPUC
008 910520e19850000US |||||||||||||||||eng|d
020 |a 0471864315 
082 0 4 |a 572.7  |b SUE  |2 21 
100 0 |a Suelter, Clarence H  |e author  |9 306917 
245 1 2 |a A practical guide to enzymology 
300 |a 288 p 
942 |c BK 
945 |d 19910520 00:00:00 
260 |a Nueva York  |b John Wiley  |c 1985 
650 7 |a ENZIMAS ANALISIS  |2 CL-VaPUC  |9 306918 
583 |a last modification  |c 19910520 00:00:00  |k Rodrigo Vera 
490 0 |a Biochemistry, 3 
999 |c 217156  |d 217154 
952 |0 0  |1 0  |4 0  |6 572_700000000000000_SUE_1985  |7 0  |8 A  |9 203875  |a BIBCUR  |b BIBCUR  |d 2019-11-15  |i 2711508  |l 1  |o 572.7 SUE 1985  |p 2711508  |r 2025-04-24  |s 2025-04-23  |w 2019-11-15  |y BK  |k BCB